ARM system developers guide: designing and optimizing system software (Record no. 779)

MARC details
000 -LEADER
fixed length control field 00650 a2200205 4500
001 - CONTROL NUMBER
control field 066778
003 - CONTROL NUMBER IDENTIFIER
control field OSt
005 - DATE AND TIME OF LATEST TRANSACTION
control field 20211007123640.0
008 - FIXED-LENGTH DATA ELEMENTS--GENERAL INFORMATION
fixed length control field
082 ## - DEWEY DECIMAL CLASSIFICATION NUMBER
Classification number 005.1
Item number S55A
100 1# - MAIN ENTRY--PERSONAL NAME
Personal name Sloss, Andrew N.
245 1# - TITLE STATEMENT
Title ARM system developers guide: designing and optimizing system software
Statement of responsibility, etc by Andrew N. Sloss...[et.al.]
260 ## - PUBLICATION, DISTRIBUTION, ETC. (IMPRINT)
Place of publication, distribution, etc San Francisco
Name of publisher, distributor, etc Morgan kaufmann
Date of publication, distribution, etc 2010
300 ## - PHYSICAL DESCRIPTION
Extent 689p.
690 ## - LOCAL SUBJECT ADDED ENTRY--TOPICAL TERM (OCLC, RLIN)
Topical term or geographic name as entry element Computer software--Development; RISC microprocessors; Computer architecture; ARM microprocessors
700 ## - ADDED ENTRY--PERSONAL NAME
Personal name Symes, Dominic
700 ## - ADDED ENTRY--PERSONAL NAME
Personal name Wright, Chris
700 ## - ADDED ENTRY--PERSONAL NAME
Personal name Rayfield, John
942 ## - ADDED ENTRY ELEMENTS (KOHA)
Source of classification or shelving scheme Dewey Decimal Classification
Koha item type Books
Holdings
Withdrawn status Lost status Source of classification or shelving scheme Damaged status Not for loan Collection code Home library Current library Date acquired Source of acquisition Cost, normal purchase price Full call number Barcode Date last seen Price effective from Koha item type
    Dewey Decimal Classification     General Text Book Central University Of Rajasthan Central University Of Rajasthan 07/03/2012 CSC 695.00 005.1 S55A 1064 21/11/2024 02/09/2020 Books